00324 a2200109 4500082001500000100001700015245007000032250001300102260004200115300003100157650002600188 a624.02 SIN aSingh,Jagman aHeavy Construction Planning,Equipment and Methods /cJagman Singh a2nd. ed. aNew Delhi :cOxford & IBH Pub,b2001. axv,1041p. :bill . ;c25cm aconstruction planning